Chankay's View: (Record no. 183574)

MARC details
000 -LEADER
fixed length control field 00620nam a22001817a 4500
005 - DATE AND TIME OF LATEST TRANSACTION
control field 20211229102000.0
010 ## - LCCN (DPL NO)
LC control number ENG-130162
020 ## - INTERNATIONAL STANDARD BOOK NUMBER
International Standard Book Number 978-93-886-9526
Terms of availability 699.00
035 ## - SYSTEM CONTROL NUMBER
System control number EN-113694
037 ## - SOURCE OF ACQUISITION
Source of stock number/acquisition DBAD
082 ## - DEWEY DECIMAL CLASSIFICATION NUMBER
Classification number 954
100 ## - MAIN ENTRY--PERSONAL NAME
Personal name Varma, Pavan K.
245 ## - TITLE STATEMENT
Title Chankay's View:
Remainder of title Understanding India In Transition
Statement of responsibility, etc Pavan K. Varma
260 ## - PUBLICATION, DISTRIBUTION, ETC. (IMPRINT)
Place of publication, distribution, etc Chennai
Name of publisher, distributor, etc Westland Publications Private Limited
Date of publication, distribution, etc 2019
270 ## - ADDRESS
Address 1st Floor, A Block, East Wing, Plot No. 40, SP Infocity, Dr MGR Salai, Perungudi, Kandanchavadi
City Chennai
Postal code 600096
300 ## - PHYSICAL DESCRIPTION
Extent 324p
Dimensions 24cm(hbk)
942 ## - ADDED ENTRY ELEMENTS (KOHA)
Source of classification or shelving scheme Dewey Decimal Classification
Item type English Books
Classification part 954
Call number suffix VAR
Holdings
Withdrawn status Lost status Not for loan Collection code Home library Current library Date acquired Source of acquisition Cost, normal purchase price Full call number Barcode Copy number Cost, replacement price Koha item type
      Non-fiction Mobile Library Mobile Library 29/12/2021 DBAD/PUB 699.00 954 VAR EN-113694 1 699.00 English Books

© Delhi Public Library
Hit Counter
free hit counter